000 00628nam a2200205 4500
003 OSt
005 20240723025225.0
006 a
008 240723b |||||||| |||| 00| 0 eng d
020 _a9789712354915
040 _aDWCL-Main lib.
_cOC
082 _aFil. 381 Or64p 2009
100 _aOrcullo, Norberto A., Jr.
245 _aPrinciples of eCommerce/eBusiness: theories and applications /
260 _aManila :
_bRex Book Store,
_cc2009.
300 _axvi,
_b257 p. : ill. ;
_c26 cm.
504 _aIncludes bibliographical references & index.
650 _a1. Electronic commerce.
942 _2ddc
_n0
_cBK - FIL
_kFil.
999 _c2581
_d2581